Развитие универсального калибровочно-инвариантного подхода к построению лагранжевой формулировки теории полей высших спинов: автореферат диссертации на соискание ученой степени доктора физико-математических наук; Спец. 01.04.02

Dettagli Bibliografici
Autore principale: Крыхтин В. А. Владимир Александрович
Ente Autore: Томский государственный педагогический университет (ТГПУ) Кафедра теоретической физики
Altri autori: Бухбиндер И. Л. Иосиф Львович (научный руководитель)
Riassunto:Защита сост. 28.11. 2013 г.
Lingua:russo
Pubblicazione: Томск, 2013
Soggetti:
Natura: Libro
KOHA link:https://koha.lib.tpu.ru/cgi-bin/koha/opac-detail.pl?biblionumber=247062

MARC

LEADER 00000nam0a2200000 4500
001 247062
005 20260421104930.0
035 |a (RuTPU)RU\TPU\book\268535 
090 |a 247062 
100 |a 20131216d2013 k y0rusy50 ca 
101 0 |a rus 
102 |a RU 
105 |a y dm 001zy 
200 1 |a Развитие универсального калибровочно-инвариантного подхода к построению лагранжевой формулировки теории полей высших спинов  |e автореферат диссертации на соискание ученой степени доктора физико-математических наук  |e Спец. 01.04.02  |f В. А. Крыхтин  |g Томский государственный педагогический университет (ТГПУ), Кафедра теоретической физики ; науч. рук. И. Л. Бухбиндер 
210 |a Томск  |d 2013 
215 |a 30 с. 
300 |a Защита сост. 28.11. 2013 г.  
320 |a Библиогр.: с. 28-30(20 назв.) 
606 1 |a Поле, теория  |x (физика)  |2 stltpush  |3 (RuTPU)RU\TPU\subj\50048  |9 68808 
610 1 |a физика 
610 1 |a квантовая теория поля 
610 1 |a спины 
610 1 |a калибровочная инвариантность 
610 1 |a калибровочные поля 
610 1 |a электромагнитные взаимодействия 
610 1 |a теория суперструн 
610 1 |a лагранжиан 
610 1 |a бозонные поля 
610 1 |a пространства Минковского 
610 1 |a авторефераты диссертаций 
675 |a 530.145(04)  |v 3 
686 |a 01.04.02  |2 oksvnk 
700 1 |a Крыхтин  |b В. А.  |c физик  |c профессор Томского политехнического университета, доктор физико-математических наук  |f 1967-  |g Владимир Александрович  |9 89243 
702 1 |a Бухбиндер  |b И. Л.  |g Иосиф Львович  |4 727 
712 0 2 |a Томский государственный педагогический университет (ТГПУ)  |b Кафедра теоретической физики  |c (1995- )  |3 (RuTPU)RU\TPU\col\40 
801 1 |a RU  |b 63413507  |c 20131216 
801 2 |a RU  |b 63413507  |c 20131224  |g RCR 
942 |c BK